Catalog

Record Details

Catalog Search



The wolf who wanted to travel the world  Cover Image Book Book

The wolf who wanted to travel the world / text by Orianne Lalleland ; illustrations by Eleonore Thuillier ; [English version editor, Rebecca Frazer ; translation from French Susan Allen Maurin].

Lallemand, Orianne. (Author). Thuillier, Éléonore, 1979- (Added Author). Frazer, Rebecca. (Added Author). Maurin, Susan Allen. (Added Author).

Record details

  • ISBN: 9782733823149 (paperback)
  • ISBN: 2733823140 (paperback)
  • Physical Description: [30] pages : color illustrations, maps ; 22 cm.
  • Publisher: Paris, France : Auzou Publishing, 2013

Content descriptions

General Note:
"Theme: Discovering the world"--P. [4] of cover.
Language Note:
Translated from the French.
Subject: Voyages around the world > Juvenile fiction.
Gray wolf > Juvenile fiction.
Animals > Juvenile fiction.

Available copies

  • 1 of 1 copy available at scottsboropl.

Holds

  • 0 current holds with 1 total copy.
Show Only Available Copies
Location Call Number / Copy Notes Barcode Shelving Location Status Due Date
scottsboropl E Lal 32269000955073 Juvenile - Easy Available -

LDR 01305nam a2200325Ia 4500
001138597
003CONS
00520150318071006.0
008121130s2013 fr ab j 000 1 eng d
020 . ‡a9782733823149 (paperback)
020 . ‡a2733823140 (paperback)
035 . ‡a(CPomAG)LMN587548
0411 . ‡aeng ‡hfre
1001 . ‡aLallemand, Orianne.
24514. ‡aThe wolf who wanted to travel the world / ‡ctext by Orianne Lalleland ; illustrations by Eleonore Thuillier ; [English version editor, Rebecca Frazer ; translation from French Susan Allen Maurin].
24630. ‡aWolf
260 . ‡aParis, France : ‡bAuzou Publishing, ‡c2013
300 . ‡a[30] pages : ‡bcolor illustrations, maps ; ‡c22 cm.
4900 . ‡aMy little picture books
500 . ‡a"Theme: Discovering the world"--P. [4] of cover.
546 . ‡aTranslated from the French.
650 0. ‡aVoyages around the world ‡vJuvenile fiction.
650 0. ‡aGray wolf ‡vJuvenile fiction.
650 0. ‡aAnimals ‡vJuvenile fiction.
7001 . ‡aThuillier, Éléonore, ‡d1979-
7001 . ‡aFrazer, Rebecca.
7001 . ‡aMaurin, Susan Allen.
74010. ‡aLoup qui voulait faire le tour du monde. ‡lEnglish
959 . ‡i32269000955073 ‡lE Lal ‡aJuvenile - Easy ‡tEasy ‡g13.00
852 . ‡p32269000955073 ‡jE Lal ‡gJuvenile - Easy ‡cEasy ‡y13.00 ‡bSBPL
901 . ‡a138597 ‡bUnknown ‡c138597 ‡tbiblio

Additional Resources